|
|
|
|
| LEADER |
00000cam a2200000 7i4500 |
| 001 |
0000001823 |
| 005 |
20020712.0 |
| 090 |
0 |
0 |
|a FAO333.953
|b BAL
|
| 100 |
1 |
0 |
|a BALTAXE
|h R.
|
| 245 |
1 |
0 |
|a Guidelines for tropical forest cover monitoring based on remote sensing :
|b Asia-Pacific region
|c by R. Baltaxe
|
| 260 |
0 |
0 |
|a Bangkok :
|b FAO ,
|c 1985
|
| 300 |
|
|
|a v, 103 p. ;
|c 28 cm.
|
| 440 |
0 |
0 |
|a GCP/RAS/106/JPN field document 6
|
| 500 |
0 |
0 |
|a Bibliography : p. 95-103
|
| 650 |
0 |
0 |
|a Vegetation mapping
|
| 710 |
1 |
1 |
|a Food and Agriculture Organization of the United Nations (FAO)
|
| 998 |
|
|
|a JPSM
|
| 999 |
|
|
|a 0000002894
|b Monograph
|c Open Shelf
|e Default branch
|